00869 2200301 4500001002100000005001700021008004100038020002200079035002400101040001200125041001300137082001600150084001600166090001900182100001900201245009100220250001100311260003200322300003300354500005100387650002000438650002500458700001800483850001200501990001800513990001800531990001800549INLIS00000000003257120171205111459.0  a978-602-8526-98-2 0010-111700000000573 aYOPDYOG1 aindgeng042[23]a372.6 a372.6 Cam M aKR 372.6 Cam M0 aCAMELIA ARMAND1 aMy first tabb: keluarga & aktivitas di rumahc/ Camelia Armand; editor, Astutiningsih aCet. 1 aJakartabCikal Aksarac2013 a[13] hlm.b: ilus.c; 19 cm. aTeks dalam bahasa Indonesia dan bahasa Inggris 4aKamus bergambar 4aKamus Bahasa Inggris0 aAstutiningsih aYOPDYOG a30787-PD/B.17 a30788-PD/B.17 a30789-PD/B.17